Datum a čas kvízu
26
Celkem bodů
Celkový počet nahraných bodů na tomto kvízu bez doplňovacích otázek.
6.
Pořadí na kvízu
Konečné umístění týmu na tomto kvízu.
Zaznamenané odpovědi
| # | Otázka | Odpověď | Body | Výsledky |
|---|---|---|---|---|
| 1. | Neustálé zdražování služeb Čes... | Zásilkovna | 0 | |
| 2. | S délkou těla téměř čtyři cent... | o včelu | 1 | |
| 3. | Svět módy přišel v úterý o svo... | C | 0 | |
| 4. | Dva obchodní řetězce ze skupin... | Billa, Penny Market | 0 | |
| 5. | Kterému z těchto týmů se nepod... | C | 0 | |
| 6. | Cestovatel Miroslav Zikmund os... | Tatra 87 | 0 | |
| 7. | Dne 31. července 1947, což byl... | Tobruk | 1 | |
| 8. | Cestovatelé si samozřejmě nemo... | Zambezi | 1 | |
| 9. | V prvním červencovém týdnu se... | Buenos Aires | 1 | |
| 10. | Kdo by se chtěl o výpravách ob... | ve Zlíně | 0 |